Flughafen Codes Frankreich (IATA-Codes) - Statistiken

Allgemein
  • Dieses Quiz wurde 28 mal gespielt
  • Das Durchschnittsergebnis liegt bei 9 aus 24
Antwortstatistiken
Passagiere (2023) Flughafen IATA-Code % Korrekt
67.425.115 Paris Charles-de-Gaulle CDG
94%
32.295.011 Paris-Orly ORY
76%
1.861.620 Lille LIL
65%
1.610.420 Ajaccio (Korsika) AJA
59%
1.498.718 Bastia (Korsika) BIA
59%
9.965.041 Lyon Saint-Exupéry LYS
59%
10.836.909 Marseille MRS
53%
1.750.385 Montpellier MPL
47%
7.810.014 Toulouse Blagnac TLS
47%
8.079.613 Euro-Airport (Mülhausen, Basel) EAP
41%
1.845.285 Fort-de-France, Martinique FDF
41%
14.187.156 Nizza Côte d’Azur NCE
41%
586.856 Rennes RNS
41%
6.583.437 Bordeaux BOD
35%
809.122 Brest BES
29%
5.636.820 Paris Beauvais-Tillé BVA
29%
2.686.725 Saint-Denis de la Réunion RUN
29%
1.016.914 Straßburg SXB
24%
6.522.769 Nantes NTE
18%
586.883 Lourdes-Tarbes LDE
12%
970.784 Biarritz BIQ
6%
852.104 Figari (Korsika) FSC
6%
1.652.888 Tahiti, Faa'a (Französisch-Polynesien) PPT
6%
2.153.106 Pointe-à-Pitre (Guadeloupe) PTP
6%
Keine übereinstimmenden Quizze gefunden
Verteilung der Resultate
Anzahl Personen mit jedem Resultat
Perzentil nach korrekt beantworteten Fragen
Ihre Resultats-Entwicklung
Sie haben dieses Quiz noch nicht gespielt